000 00503nmm a2200157Ia 4500
008 251105s9999||||xx |||||||||||||||||und||
041 _aspa
100 _aShu, Lin
245 0 _aHistoria del Caballero Encantado :
_b El Quijote chino
264 _a[Madrid, España] :
_bGinger Ape Books & Films,
_c[Fecha de publicación no identificada]
300 _a0 páginas
700 _aShu, Lin
700 1 _a Relinque Eleta, Alicia
856 _uhttps://public.digitaliapublishing.com/a/124239
942 _cCF
999 _c71392
_d71392